| 000 | 00682nam a22001937a 4500 | ||
|---|---|---|---|
| 999 |
_c190022 _d190022 |
||
| 005 | 20220715162231.0 | ||
| 010 | _aENG-133610 | ||
| 020 |
_a9789354790508 _c1395.00 |
||
| 035 | _aEN-117142 | ||
| 037 | _bDBAD/PUB | ||
| 082 | _a324.954 | ||
| 100 | _aChakrabarty, Bidyut | ||
| 245 |
_aElectoral Dynamism of Indian Politics Deciphering the Enigma/ _cBidyut Chakrabarty and Rajendra K. Pandey |
||
| 260 |
_aNew Delhi _bSage Publications India Pvt. Ltd _c2021 |
||
| 270 |
_aB-1/I-I Mohan Cooperative Industrial Area Mathura Road, _bNew Delhi _e110044 |
||
| 300 |
_axiii, 328p. _bIndex _c22cm(hb) |
||
| 700 | _aPandey, Rajendra K. | ||
| 942 |
_2ddc _cEN _h324.954 _mCHA |
||